000 00879nmc a2200313 a 4500
003 AR-BaBNM
005 20251128210817.0
008 011101s1999 ||||||||||||||000 | spa||
020 _a950-765-091-1
040 _cAR-BaBNM
100 1 _aBlum, Raymond
245 1 0 _aTrucos matemágicos
260 _aBuenos Aires
_bEdiciones De Mente
_c1999
300 0 _a93 p.
_bil., gráf.
490 0 _aColección Magia de Mente
_vv. 3
500 0 _aContiene glosario
650 4 _aENSENANZA DE LAS MATEMATICAS
650 4 _aMAGIA
650 4 _aACTIVIDADES RECREATIVAS
650 4 _aJUEGO
650 4 _aJUEGOS EDUCATIVOS
650 4 _aCONCEPTOS NUMERICOS
650 4 _aPENSAMIENTO LOGICO
650 4 _aACTIVIDADES DE APRENDIZAJE
700 1 _aSinclair, Jeff
_eilustrador
800 1 _aPoniachik, Jaime
_edirector
800 1 _aSamoilovich, Daniel
_edirector
942 _cBK
999 _c17018
_d17018